01273nam a2200349 i 4500001000300000003000400003005001700007008003900024015001700063020001500080040001400095041000800109080001000117080001000127080001200137100003600149245022600185246003200411250001700443260004800460300003900508504002600547655003000573650002400603650002800627710004200655856009700697942001200794999001500806952005100821952005100872bgBPK20200630132816.0990421s1983 pl a f f |000 0 pol aPB 1983/7230 a8301051442 aWA NcBPK0 apol a621.3 a537.8 a(075.8)1 aKrakowski, Maciejd(1924-2004).10aElektrotechnika teoretyczna :b[skrypt dla studentów wyższych szkół technicznych i wyższych zawodowych studiów technicznych na kierunku Elektrotechnika].nT. 1,pObwody liniowe i nieliniowe /cMaciej Krakowski.30aObwody liniowe i nieliniowe aWyd. 3 popr. aWarszawa :bPańst. Wydaw. Naukowe,c1983. a645, [2] :brys., wykr. ;c24 cm. aBibliogr. s. 644-645. 4aPodręczniki akademickie 4aObwód elektryczny 4aPole elektromagnetyczne2 aPaństwowe Wydawnictwo Naukowe4pbl. uhttp://koha.tu.koszalin.pl/cgi-bin/koha/opac-detail.pl?biblionumber=1902yKatalog online BPK 2UKDcKS c1902d1902 00104070aBPKbBPKcwoP 32480p01067989yKS 00104070aBPKbBPKcwoP 32481p01201192yKS